The Journal of Zoo Animal Medicine

محفوظ في:

التنسيق: دورية

اللغة: Undetermined

منشور في: JSTOR
American Association of Zoo Veterinarians

الموضوعات:

الوصول للمادة أونلاين: Login to view Source

الوسوم: إضافة وسم

لا توجد وسوم, كن أول من يضع وسما على هذه التسجيلة!

رقم الطلب:

LEADER 00540nas a2200169Ia 4500
008 220214c99999999xx |||||||||||| ||und||
022 |a 0093-4526 
245 0 4 |a The Journal of Zoo Animal Medicine 
264 1 |b JSTOR 
264 1 |b American Association of Zoo Veterinarians 
362 0 |a Vol. 1(1970)-19 (1988) 
653 1 0 |a Science & Mathematics 
653 1 0 |a Zoology 
856 4 0 |u https://www.jstor.org/journal/jzooanimmedi 
942 |c JL 
952 |0 0  |1 0  |4 0  |7 1  |9 35989  |a JSR  |b JSR  |d 2022-02-14  |l 0  |r 2022-02-14 00:00:00  |w 2022-02-14  |y JL 
999 |c 44322  |d 44322